00867nam a2200217 a 4500001001000000003000500010005001700015008004100032010001100073011001100084040000900095100003300104245017600137260004100313500006000354502007700414650003100491650003600522650002100558856007000579000112483CHAP20220329144308.0160420s2016 mx a fsm |||||||spa d a108944 a109916 cCHAP1 aFlores Amaya, Miguel Ángel10aImplementación del sistema de reducción de riesgos de contaminación en la unidad de producción El Tunal, Horticola/h[En línea]cpor Miguel Ángel Flores Amaya. aChapingo, Méx. :bEl autor,c2016. aPara ver el contenido del material haga clic en la liga aTesis (Ing. Agr. Esp. en Fitotecnia) -- UACH. Departamento de Fitotecnia14aCultivosxContaminación.14aProductos agrícolasxCalidad.14aSanidad vegetal. aFinding aiduhttp://10.13.5.2/tesis/sist112483.pdfzTeclea aquí